Actividades creativas en la educación especial : (Record no. 535)
[ view plain ]
| 000 -CABECERA | |
|---|---|
| campo de control de longitud fija | 00690nam a2200217 a 4500 |
| 005 - FECHA Y HORA DE LA ÚLTIMA TRANSACCIÓN | |
| campo de control | 20240626063657.0 |
| 008 - ELEMENTOS DE LONGITUD FIJA--INFORMACIÓN GENERAL | |
| campo de control de longitud fija | 991125s1999 es 000 0 spa u |
| 020 ## - NÚMERO INTERNACIONAL NORMALIZADO PARA LIBROS | |
| Número Internacional Estándar del Libro | 8432994243 |
| 035 ## - NÚMERO DE CONTROL DEL SISTEMA | |
| Número de control de sistema | UPN01000000535 |
| 049 ## - COLECCIÓN | |
| Colección | CG |
| 050 #4 - SIGNATURA TOPOGRÁFICA DE LA BIBLIOTECA DEL CONGRESO | |
| Número de clasificación | LC4019 |
| Número de documento/Ítem | C6.3 |
| 100 1# - ASIENTO PRINCIPAL--NOMBRE PERSONAL | |
| Nombre de persona | Complo, Jannita Marie |
| 245 10 - MENCIÓN DE TÍTULO | |
| Título | Actividades creativas en la educación especial : |
| Resto del título | motricidad y lenguaje / |
| Mención de responsabilidad, etc. | Jannita Marie Complo. |
| 260 ## - PUBLICACIÓN, DISTRIBUCIÓN, ETC. | |
| Lugar de publicación, distribución, etc. | Barcelona [Esp.] : |
| Nombre del editor, distribuidor, etc. | CEAC, |
| Fecha de publicación, distribución, etc. | [1999]. |
| 300 ## - DESCRIPCIÓN FÍSICA | |
| Extensión | 100 p. : |
| Otras características físicas | il. |
| 440 #0 - MENCIÓN DE SERIE/ASIENTO SECUNDARIO--TÍTULO | |
| Título | Educación y enseñanza |
| 650 #4 - ASIENTO SECUNDARIO DE MATERIA - TERMINO TEMATICO | |
| Término de materia o nombre geográfico como elemento de entrada | Actividades creativas y trabajos preescolares |
| 9 (RLIN) | 138 |
| 650 #4 - ASIENTO SECUNDARIO DE MATERIA - TERMINO TEMATICO | |
| Término de materia o nombre geográfico como elemento de entrada | Educación especial |
| 9 (RLIN) | 3029 |
| 650 #7 - ASIENTO SECUNDARIO DE MATERIA - TERMINO TEMATICO | |
| Término de materia o nombre geográfico como elemento de entrada | Educación psicomotriz |
| Fuente del encabezamiento o término | |
| 9 (RLIN) | 5394 |
| 905 ## - TIPO DE MATERIAL | |
| Tipo de material | Libro |
| Estado de retiro | Estado de pérdida | Fuente del sistema de clasificación o colocación | Estado dañado | No para préstamo | Código de colección | Localización permanente | Ubicación/localización actual | Ubicación en estantería | Total de préstamos | Clasificación | Código de barras | Fecha visto por última vez | Número de copia | Tipo de ítem Koha | Fecha de adquisición | Fecha del último préstamo |
|---|---|---|---|---|---|---|---|---|---|---|---|---|---|---|---|---|
| Library of Congress Classification | Colección General | Bib. Gregorio Torres Quintero | Bib. Gregorio Torres Quintero | Planta baja | LC4019 C6.3 | 104577 | 31/12/2020 | 1 | Libro | |||||||
| Library of Congress Classification | Colección General | Bib. Gregorio Torres Quintero | Bib. Gregorio Torres Quintero | Planta baja | 23 | LC4019 C6.3 | 104578 | 02/12/2024 | 1 | Libro | 30/09/2022 | 26/11/2024 | ||||
| Library of Congress Classification | Colección General | Bib. Gregorio Torres Quintero | Bib. Gregorio Torres Quintero | Planta baja | 5 | LC4019 C6.3 | 104579 | 31/12/2020 | 1 | Libro | ||||||
| Library of Congress Classification | Colección General | Bib. Gregorio Torres Quintero | Bib. Gregorio Torres Quintero | Planta baja | 2 | LC4019 C6.3 | 317017 | 24/10/2023 | 1 | Libro | 09/10/2023 | 09/10/2023 | ||||
| Library of Congress Classification | Colección General | Bib. Gregorio Torres Quintero | Bib. Gregorio Torres Quintero | Planta baja | 13 | LC4019 C6.3 | 266673 | 13/10/2022 | 1 | Libro | 30/09/2022 | 30/09/2022 |
